000
00292nam a2200133Ia 4500
100
_a
Rollings/Andrew
650
_a
Game architecture
942
_c
BK
245
_a
Game Architecture and design
260
_b
New Rider
082
_a
6.6
_b
ROL
546
_a
ENGLISH
_c
electronics
999
_c
21071
_d
21071